Nouvelle-Aquitaine: villes de plus de 50 000 habitants - Statistiques

Statistiques générales
  • Ce quiz a été pris 61 fois
  • Le résultat moyen est 7 sur 9
Statistiques - réponses
Classement Population Département Nom de la commune % Correct
1 265 000 33 Bordeaux
98%
4 79 000 17 La Rochelle
89%
9 53 000 64 Bayonne
86%
2 129 000 87 Limoges
86%
5 78 000 64 Pau
86%
3 89 000 86 Poitiers
82%
6 77 000 33 Mérignac
77%
8 60 000 79 Niort
77%
7 66 000 33 Pessac
68%
Aucun quiz correspondant
Distribution des résultats
% des personnes avec chaque résultat
Percentile par nombre de réponses
Votre historique - résultats
Vous n’avez pas pris ce quiz